The development of the legislative council, 1606-1945. (Record no. 3213)

MARC details
000 -LEADER
fixed length control field 00692cam a22002411 4500
001 - CONTROL NUMBER
control field 8810532
003 - CONTROL NUMBER IDENTIFIER
control field OSt
005 - DATE AND TIME OF LATEST TRANSACTION
control field 20230703103645.0
008 - FIXED-LENGTH DATA ELEMENTS--GENERAL INFORMATION
fixed length control field 721130s1946 xx 000 0 eng
010 ## - LIBRARY OF CONGRESS CONTROL NUMBER
LC control number 46004336
035 ## - SYSTEM CONTROL NUMBER
System control number (OCoLC)504489
040 ## - CATALOGING SOURCE
Original cataloging agency DLC
Transcribing agency ODaWU
Modifying agency DLC
050 00 - LIBRARY OF CONGRESS CALL NUMBER
Classification number JV1085
Item number .W5
082 ## - DEWEY DECIMAL CLASSIFICATION NUMBER
Classification number 351
Item number WIG
100 1# - MAIN ENTRY--PERSONAL NAME
Personal name Wight, Martin.
245 14 - TITLE STATEMENT
Title The development of the legislative council, 1606-1945.
260 ## - PUBLICATION, DISTRIBUTION, ETC. (IMPRINT)
Place of publication, distribution, etc. London,
Name of publisher, distributor, etc. Faber & Faber limited
Date of publication, distribution, etc. [1946]
300 ## - PHYSICAL DESCRIPTION
Extent 187 p.
440 #0 - SERIES STATEMENT/ADDED ENTRY--TITLE
Title Studies in colonial legislatures,
Volume/sequential designation v.1
650 #0 - SUBJECT ADDED ENTRY--TOPICAL TERM
Topical term or geographic name as entry element Legislative bodies
Geographic subdivision Great Britain
General subdivision Colonies.
906 ## - LOCAL DATA ELEMENT F, LDF (RLIN)
a 7
b cbc
c oclcrpl
d u
e ncip
f 19
g y-gencatlg
942 ## - ADDED ENTRY ELEMENTS (KOHA)
Source of classification or shelving scheme Dewey Decimal Classification
Koha item type Books
Holdings
Withdrawn status Lost status Source of classification or shelving scheme Damaged status Not for loan Home library Current library Date acquired Total Checkouts Full call number Barcode Date last seen Price effective from Koha item type
    Dewey Decimal Classification     County Hall Archives County Hall Archives 07/03/2023   351 WIG 10001198 07/03/2023 07/03/2023 Books
LIBRARY OPENING HOURS

When the Parliament is sitting: 8.00a.m - 7.00p.m or until the house adjourns
Mondays and Fridays and when the House is on Recess:  8.00a.m - 5.00p.m
Closed on Weekends and Public Holidays

Online Public Access Catalog (OPAC)
Website: http://www.parliament.go.ke
Bunge Library: https://libraryir.parliament.go.ke
Contact: library@parliament.go.ke | Tel no: (254-2)2221291 or 2848000 Ext 5043